5HLuxD.jpg

KING HENRY VIII SENIOR AND PRIMARY SCHOOL LIBRARY OPAC

The voyage of the Dawn Treader / (Record no. 1279)

000 -LEADER
fixed length control field 01033cam a2200277 a 4500
001 - CONTROL NUMBER
control field ocm00645067
003 - CONTROL NUMBER IDENTIFIER
control field OSt
005 - DATE AND TIME OF LATEST TRANSACTION
control field 20221228082052.0
008 - FIXED-LENGTH DATA ELEMENTS--GENERAL INFORMATION
fixed length control field 000623t19941980nyuab j 000 1 eng
010 ## - LIBRARY OF CONGRESS CONTROL NUMBER
LC control number 93011515
020 ## - INTERNATIONAL STANDARD BOOK NUMBER
International Standard Book Number 9780064405027
035 ## - SYSTEM CONTROL NUMBER
System control number 1057576
040 ## - CATALOGING SOURCE
Original cataloging agency DLC
Transcribing agency DLC
Modifying agency DLC
-- KH8
082 ## - DEWEY DECIMAL CLASSIFICATION NUMBER
Classification number FIC LEW
100 1# - MAIN ENTRY--PERSONAL NAME
Personal name Lewis, C. S.
Fuller form of name (Clive Staples),
Dates associated with a name 1898-1963.
Relator term Author
245 14 - TITLE STATEMENT
Title The voyage of the Dawn Treader /
Statement of responsibility, etc. C.S. Lewis ; illustrated by Pauline Baynes.
250 ## - EDITION STATEMENT
Edition statement 1st Harper Trophy ed.
260 ## - PUBLICATION, DISTRIBUTION, ETC.
Place of publication, distribution, etc. New York :
Name of publisher, distributor, etc. HarperTrophy,
Date of publication, distribution, etc. 1994, c1980.
300 ## - PHYSICAL DESCRIPTION
Extent 271 p. :
Other physical details ill., map :
490 0# - SERIES STATEMENT
Series statement The Chronicles of Narnia ;
Volume/sequential designation bk. 5.
500 ## - GENERAL NOTE
General note Also published by HarperFestival in 2010.
520 ## - SUMMARY, ETC.
Summary, etc. Lucy and Edmund, accompanied by their peevish cousin Eustace, sail to the land of Narnia where Eustace is temporarily transformed into a green dragon because of his selfish behavior and skepticism.
655 #0 - INDEX TERM--GENRE/FORM
Genre/form data or focus term Fantasy fiction.
700 1# - ADDED ENTRY--PERSONAL NAME
Personal name Baynes, Pauline.
Relator term illustrator
942 ## - ADDED ENTRY ELEMENTS (KOHA)
Source of classification or shelving scheme
Koha item type Books - Fiction
Holdings
Withdrawn status Lost status Source of classification or shelving scheme Damaged status Not for loan Collection code Permanent Location Current Location Shelving location Date acquired Total Checkouts Full call number Barcode Date last seen Date last checked out Price effective from Koha item type
          Fiction KH8 Primary School Library KH8 Primary School Library Fiction 2022-12-28 1 FIC LEW KHPL000003057 2025-12-05 2023-02-14 2022-12-28 Books - Fiction

Powered By KH8 IT Dept